UM Logo

Math skills for science/ (Record no. 551)

MARC details
000 -LEADER
fixed length control field 00599nam a22001937a 4500
003 - CONTROL NUMBER IDENTIFIER
control field OSt
005 - DATE AND TIME OF LATEST TRANSACTION
control field 20160907102603.0
008 - FIXED-LENGTH DATA ELEMENTS--GENERAL INFORMATION
fixed length control field 160107b xxu||||| |||| 00| 0 eng d
020 ## - INTERNATIONAL STANDARD BOOK NUMBER
International Standard Book Number 0030351987
040 ## - CATALOGING SOURCE
Transcribing agency LIC
082 ## - DEWEY DECIMAL CLASSIFICATION NUMBER
Edition number [2004]
Classification number DK12 507
Item number M426
245 ## - TITLE STATEMENT
Title Math skills for science/
260 ## - PUBLICATION, DISTRIBUTION, ETC. (IMPRINT)
Place of publication, distribution, etc. Orlando, Florida:
Name of publisher, distributor, etc. Holt, Rinehart and Winston,
Date of publication, distribution, etc. [c2004]
300 ## - PHYSICAL DESCRIPTION
Extent vi, 127 pages:
Other physical details illustrations;
Dimensions 27 cm.
440 ## - SERIES STATEMENT/ADDED ENTRY--TITLE
9 (RLIN) 1445
Title Holt Science and Technology.
650 #0 - SUBJECT ADDED ENTRY--TOPICAL TERM
9 (RLIN) 1446
Topical term or geographic name as entry element Science
General subdivision Study and teaching (Secondary)
650 #0 - SUBJECT ADDED ENTRY--TOPICAL TERM
9 (RLIN) 1447
Topical term or geographic name as entry element Math
General subdivision Study and teaching (Secondary)
942 ## - ADDED ENTRY ELEMENTS (KOHA)
Source of classification or shelving scheme Dewey Decimal Classification
Koha item type Circulation
Holdings
Withdrawn status Lost status Source of classification or shelving scheme Damaged status Not for loan Collection code Home library Current library Shelving location Date acquired Source of acquisition Total Checkouts Full call number Barcode Date last seen Date last checked out Copy number Price effective from Koha item type
    Dewey Decimal Classification     K-12 UM Digos College - LIC UM Digos College - LIC Book Cart 08/12/2015 Purchased 1 DK12 507 M426 [2004] 23309 05/15/2025 01/10/2019 1 01/07/2016 Circulation